| 000 | 04043nkm0a2200625 4500 | ||
|---|---|---|---|
| 001 | RU\NLR\BIBL_A\022629929 | ||
| 005 | 20260204000000.0 | ||
| 020 |
_aRU _b44-2537 (1944, № 3-4) _9Летопись изоизданий / ВКП. - Москва, 1948. - Вып. 1944, № 3-4. - С. 80 |
||
| 035 | _a(NLR Aleph) 022629929 | ||
| 071 | 5 | 0 |
_a28 _d8 коп. |
| 090 |
_a89057 _c89057 |
||
| 100 | _a20250924d1944 u y0rusy50 ca | ||
| 101 | 0 | _arus | |
| 102 | _aRU | ||
| 116 | _aiiycxx bi ae | ||
| 135 | _acrcn 024anaba | ||
| 181 | 0 |
_ab4 _bxb2e |
|
| 182 | 0 | _an | |
| 200 | 1 |
_aКрым освобожден от врага! _e[закрытое письмо] _fхуд. Арк. Щербаков |
|
| 203 |
_aИзображение _bнеподвижное _bдвухмерное _bвизуальное _cнепосредственное |
||
| 210 |
_a[Москва] _c"Советский график" Всекохудожника по зак. Моск. к-ры Главбумсбыта _d[1944] |
||
| 215 |
_a1 л. (слож. вдвое) _cцв. литогр. _d20,2х15,5 (10,5х15,5) |
||
| 300 | _aНа закрытом письме также текст: Смерть немецким захватчикам! | ||
| 300 | _aЗаказчик - Московская контора Главного управления по сбыту продукции целлюлозно-бумажной промышленности Народного комиссариата целлюлозной и бумажной промышленности | ||
| 300 | _aЦенз. разрешение: Г-12-5-44 | ||
| 301 | _aИзд. номер: № 28 | ||
| 309 | _aДвойной формуляр, с клеевой полосой | ||
| 316 |
_aЭкз. РНБ на шифре Э О-ЗП-3/1944-Щ, Эот101008: 20х15,5 (11,6х15,5) см. Без клеевой полосы _5NLR: Э О-ЗП-3/1944-Щ |
||
| 325 | _aКопия доступна в Электрон. б-ке РНБ | ||
| 327 | 0 | _aСоветский воин на фоне крымского пейзажа | |
| 601 | 0 | 2 |
_aРабоче-Крестьянская Красная армия _c1918 - 1946 _xЛичный состав _jОткрытки _2nlr_sh2 _3RU\NLR\AUTH\661533780 |
| 606 | 1 |
_aПочтовые открытки маркированные художественные _yСССР _z1941 - 1945 _2nlr_sh2 _3RU\NLR\AUTH\661531868 |
|
| 606 | 1 |
_aВеликая Отечественная война _z1941 - 1945 _yКрым _jОткрытки _2nlr_sh1 _2nlr_sh2 _3RU\NLR\AUTH\66176915 |
|
| 610 | 1 | _aВидовые открытки | |
| 610 | 1 | _aЗакрытые письма | |
| 617 |
_aСССР _bКрымская АССР |
||
| 686 | 1 | _aЩ153(2)7-489 | |
| 700 | 1 |
_aЩербаков _bА. И. _cхудожник _f1901-1971 _gАркадий Иванович _3RU\NLR\AUTH\770273850 _4040 |
|
| 712 | 0 | 1 |
_aСССР _bГлавное управление по сбыту продукции целлюлозно-бумажной промышленности _bМосковская контора _3RU\NLR\AUTH\880618212 _4570 |
| 712 | 0 | 2 |
_a"Советский график", всероссийское товарищество художников-графиков _3RU\NLR\AUTH\880618204 _4650 |
| 830 | _aТехника печати - см. Летопись изоизданий. АЯ ОЭФ | ||
| 852 | 0 | 0 |
_aNLR _bЭ _jО-ЗП-3/1944-Щ _mЭот101007 |
| 852 | 0 | 0 |
_aNLR _bЭ _jО-ЗП-3/1944-Щ _mЭот101008 |
| 856 | 0 | _uhttps://vivaldi.nlr.ru/lo500003984/view | |
| 856 | 1 | _uhttps://vivaldi.nlr.ru/lo500003984/cover | |
| 856 | 2 | _uhttps://vivaldi.nlr.ru/lo500003984/text | |
| 942 | _cVISUAL | ||
| 945 | _aРоссийская национальная библиотека | ||
| 980 | _aNB | ||
| 980 | _aBV | ||
| 981 | 1 | 7 |
_a(17) Изографические материалы _b(17) Открытки |